[Event "Ascona Gp A"]
[Site "Ascona SUI"]
[Date "2011.12.08"]
[Round "7.5"]
[White "Zeller,F"]
[Black "Botta,Ga"]
[Result "1-0"]
[WhiteElo "2375"]
[BlackElo "2303"]

1.c4 c6 2.Nf3 Nf6 3.b3 d5 4.Bb2 e6 5.g3 Bd6 6.Bg2 O-O 7.O-O Nbd7 8.d4 Re8
9.Ne5 Qc7 10.f4 Ne4 11.Nd2 Nxd2 12.Qxd2 f6 13.Nd3 f5 14.Qe3 Nf6 15.h3 Qf7
16.Qf3 Qg6 17.Rad1 h5 18.Ne5 Bxe5 19.dxe5 Ne4 20.Kh2 b6 21.Qe3 Ba6 22.Bxe4 fxe4
23.g4 Rf8 24.Rg1 Qh6 25.Bc1 dxc4 26.Qxe4 hxg4 27.Rxg4 cxb3 28.axb3 Rf7 29.f5 exf5
30.e6 Re7 31.Qxf5 Qh7 32.Qg5 Rae8 33.Qxe7  1-0

[Event "IV Amitan Mem GM"]
[Site "Donetsk UKR"]
[Date "2011.12.08"]
[Round "1"]
[White "Sitnikov,A"]
[Black "Goganov,A"]
[Result "0-1"]
[WhiteElo "2506"]
[BlackElo "2484"]

1.c4 c6 2.Nf3 Nf6 3.e3 d5 4.b4 Bg4 5.Bb2 e6 6.a3 Nbd7 7.h3 Bh5 8.d4 Ne4 9.Nc3 Bg6
10.c5 Be7 11.Ne2 b6 12.Nf4 bxc5 13.dxc5 Bf6 14.Bxf6 Qxf6 15.Ba6 e5 16.Nxg6 hxg6
17.O-O Ke7 18.Nd2 Nxd2 19.Qxd2 e4 20.Rfd1 Ne5 21.Kf1 g5 22.Qd4 g4 23.hxg4 Rh2
24.Ke2 Rxg2 25.Rf1 Rh8 26.Kd1 Rhh2 27.Be2 Ke6 28.Kc2 Rxf2 29.Kb3 Qh4 30.Ba6 f6
31.Rfd1 Rb2+ 32.Ka4 Nf3 33.Qc3 Rhc2 34.Qxb2 Rxb2 35.b5 cxb5+ 36.Bxb5 Qf2
37.Rac1 Qxe3 38.c6 Qb3+  0-1

[Event "London Classic FIDE Open"]
[Site "London ENG"]
[Date "2011.12.09"]
[Round "7"]
[White "Arkell,K"]
[Black "Crouch,C"]
[Result "1-0"]
[WhiteElo "2418"]
[BlackElo "2366"]

1.c4 c6 2.Nf3 d5 3.e3 Nf6 4.b3 Bg4 5.Bb2 e6 6.Be2 Nbd7 7.O-O Bd6 8.d4 O-O
9.Nbd2 Qb8 10.h3 Bh5 11.a4 e5 12.dxe5 Nxe5 13.Nxe5 Bxe5 14.Bxe5 Qxe5 15.Bxh5 Qxh5
16.Qxh5 Nxh5 17.b4 Nf6 18.Rfc1 Rfd8 19.Nb3 Rac8 20.Nd4 c5 21.bxc5 Rxc5 22.cxd5 Rcxd5
23.Rab1 R5d7 24.a5 a6 25.Rc2 Ne4 26.g4 g6 27.Kg2 Re8 28.h4 Re5 29.Rd1 Rc5
30.Rxc5 Nxc5 31.Rc1 Rd5 32.Rc4 Kf8 33.Rb4 Ke8 34.Nf3 h6 35.Rb6 Ke7 36.Nd4 Rd6
37.Rb4 Rd7 38.h5 Nd3 39.Rb6 gxh5 40.gxh5 Rd5 41.Rxb7+ Kf8 42.Nc6 Ne5 43.Ne7 Rxa5
44.Nf5 Nc6 45.e4 Re5 46.Rb6 Nd8 47.Rxa6 Rxe4 48.Ra8 Re8 49.Nd6 Re5 50.Nb7  1-0

[Event "Schachbundesliga 2011-12"]
[Site "Bremen GER"]
[Date "2011.12.10"]
[Round "6"]
[White "Hracek,Z"]
[Black "Bindrich,F"]
[Result "0-1"]
[WhiteElo "2624"]
[BlackElo "2548"]

1.c4 c6 2.d4 d5 3.Nc3 Nf6 4.Nf3 dxc4 5.a4 Bf5 6.Nh4 Bg4 7.h3 Bh5 8.g4 Bg6
9.Bg2 e6 10.Nxg6 hxg6 11.e3 Na6 12.O-O Nb4 13.Bd2 Bd6 14.Qe2 e5 15.Qxc4 exd4
16.Ne2 a5 17.Nxd4 Nxg4 18.Bxb4 Ne5 19.Nxc6 Nxc4 20.Nxd8 Bxb4 21.Nxb7 Rc8
22.Rfd1 Ke7 23.Rd4 Nxb2 24.Rb1 Nc4 25.Rbd1 f5 26.e4 Rc7 27.exf5 gxf5 28.Nd8 Nb2
29.Nc6+ Rxc6 30.Bxc6 Nxd1 31.Rxd1 Rxh3 32.Rc1 Rd3 33.Rc2 Kd6 34.Kg2 g5 35.Bb5 Rd4
36.Re2 Bc5 37.Re8 Rg4+ 38.Kf1 Rf4 39.Re2 g4 40.Kg2 Bd4 41.Be8 Rf3 42.Rd2 Ke5
43.Bd7 Rf4 44.Kg3 Rf3+ 45.Kg2 Ba7 46.Bc6 Rf4 47.f3 gxf3+  0-1

[Event "Schachbundesliga 2011-12"]
[Site "Baden Baden GER"]
[Date "2011.12.11"]
[Round "7"]
[White "Dinstuhl,V"]
[Black "Kolbus,D"]
[Result "1/2-1/2"]
[WhiteElo "2408"]
[BlackElo "2325"]

1.c4 c6 2.Nf3 d5 3.e3 Nf6 4.Nc3 e6 5.b3 Nbd7 6.Qc2 Bd6 7.Bb2 Qe7 8.Be2 Ba3
9.d4 Bxb2 10.Qxb2 O-O 11.O-O b6 12.Rfe1 Bb7 13.Rad1 Rfd8 14.Bd3 c5 15.cxd5 Nxd5
16.Nxd5 Bxd5 17.Bf1 Bb7 18.dxc5 Nxc5 19.Qe5 Rac8 20.Qf4 Ne4 21.Ne5 f6 22.Nc4 e5
23.Qg4 g6 24.Rc1 Kg7 25.Red1 Rxd1 26.Qxd1 Rd8 27.Qc2 Nc5 28.Rd1 Be4 29.Qc1 Rd7
30.f3 Bf5 31.e4 Be6 32.Ne3 Qd8 33.Rxd7+ Qxd7 34.b4 Nb7 35.Bc4 Qc7 36.Qf1 Bxc4
37.Qxc4 Qxc4 38.Nxc4 Kf7 39.Kf2 Ke6 40.Ke2 Nd6 41.Nxd6 Kxd6  1/2-1/2

[Event "2nd JAHV McGregor Open"]
[Site "Bogota COL"]
[Date "2011.12.11"]
[Round "10"]
[White "Posada,J"]
[Black "Paniagua,David"]
[Result "1-0"]
[WhiteElo "2009"]
[BlackElo "1855"]

1.c4 c6 2.g3 e6 3.Bg2 d5 4.Nf3 Nd7 5.b3 Ngf6 6.O-O Bd6 7.Nc3 O-O 8.Bb2 Re8
9.d4 dxc4 10.bxc4 e5 11.e3 e4 12.Nd2 Bb4 13.Ndxe4 Qa5 14.Qc2 Qh5 15.Nd2 Nf8
16.Nf3 Bg4 17.Ne5 Bxc3 18.Bxc3 Bf5 19.Qd1 Qh6 20.g4 Be4 21.Qe2 Bxg2 22.Kxg2 Ne4
23.Be1 Ng5 24.f4 Qh3+ 25.Kh1 Ne4 26.Rf3 Qh6 27.Kg2 g5 28.Nxf7 Qg7 29.Ne5 gxf4
30.Rxf4 Ng5 31.Bg3 Nfe6 32.Rf5 c5 33.d5 Nf8 34.Bf4 h6 35.h4 Ng6 36.Nxg6 Qxa1
37.hxg5 Kh7 38.Ne5 Rf8 39.Qc2 Kg8 40.gxh6 Qe1 41.Rg5+ Kh8 42.Qh7+ Kxh7 43.Rg7+ Kh8
44.Ng6+  1-0

[Event "Schachbundesliga 2011-12"]
[Site "Essen GER"]
[Date "2011.12.11"]
[Round "7"]
[White "Zaragatski,I"]
[Black "Sarbok,T"]
[Result "1-0"]
[WhiteElo "2474"]
[BlackElo "2349"]

1.c4 c6 2.g3 Nf6 3.Nf3 d5 4.Bg2 e6 5.b3 Be7 6.Bb2 O-O 7.O-O b6 8.d3 Bb7 9.Qc2 c5
10.Nbd2 Nc6 11.a3 Rc8 12.e3 Qc7 13.Rad1 Rfd8 14.Qb1 Ne8 15.cxd5 Rxd5 16.Nc4 Rdd8
17.Nfe5 Nxe5 18.Bxe5 Qd7 19.a4 Bxg2 20.Kxg2 Qb7+ 21.Kg1 Qf3 22.Rd2 Bf6 23.Qd1 Qxd1
24.Rfxd1 Bxe5 25.Nxe5 f6 26.Nc4 Nd6 27.f4 Rc7 28.Kf2 Rcd7 29.Ke2 Kf7 30.Rc1 Nb7
31.g4 h6 32.h4 Ke7 33.h5 Rg8 34.Kf3 Rgd8 35.Ke2 Rg8 36.Rb1 Nd6 37.Rc2 Rgd8
38.Rc3 Rc7 39.Rg1 Nf7 40.a5 b5 41.Nd2 Rdc8 42.Rgc1 b4 43.R3c2 Nd6 44.Kf3 f5
45.gxf5 exf5 46.d4 Nb7 47.a6 Nd8 48.Rxc5 Rxc5 49.dxc5 Ne6 50.c6 Nd8 51.c7 Ne6
52.Rc4 Rxc7 53.Rxb4 Nc5 54.Rb5 Rc6 55.Nc4 Ke6 56.Rb7 Nxb3 57.Ne5 Rc3 58.Rxa7 Nd4+
59.Kf2 Nb5 60.Rxg7 Kd5 61.Rd7+ Ke6 62.Rh7 Kd5 63.Rxh6 Ke4 64.Rc6 Ra3 65.h6 Ra2+
66.Kg3 Ra1 67.Rb6 Nc7 68.h7 Rh1 69.a7  1-0

[Event "Schachbundesliga 2011-12"]
[Site "Essen GER"]
[Date "2011.12.11"]
[Round "7"]
[White "Andresen,S"]
[Black "Saltaev,M"]
[Result "1/2-1/2"]
[WhiteElo "2298"]
[BlackElo "2484"]

1.c4 c6 2.d4 d5 3.Nf3 Nf6 4.cxd5 cxd5 5.Nc3 e6 6.Bg5 Be7 7.e3 O-O 8.Bd3 a6
9.O-O b5 10.Rc1 Bb7 11.Ne5 Ne4 12.Bxe7 Qxe7 13.Qc2 f6 14.f3 Ng5 15.Ng4 Nc6
16.a3 f5 17.Ne5 Rac8 18.Qf2 Nf7 19.Nxf7 Rxf7 20.b4 Qd8 21.f4 Rfc7 22.Nb1 Nb8
23.Qb2 Nd7 24.Nd2 Nb6 25.Nb3 Nc4  1/2-1/2

[Event "Schachbundesliga 2011-12"]
[Site "Hamburg GER"]
[Date "2011.12.11"]
[Round "7"]
[White "Parligras,M"]
[Black "Zherebukh,Y"]
[Result "1/2-1/2"]
[WhiteElo "2625"]
[BlackElo "2580"]

1.c4 c6 2.e4 d5 3.exd5 cxd5 4.cxd5 Nf6 5.Nc3 g6 6.Bc4 Bg7 7.Nf3 O-O 8.O-O Na6
9.Qb3 Nc7 10.a4 b6 11.Ne5 Bb7 12.a5 Nfxd5 13.a6 Nxa6 14.Bxa6 Bxa6 15.Nc6 Nxc3
16.dxc3 Qd7 17.Nxe7+ Qxe7 18.Rxa6 Rad8 19.Be3 Rd7 20.h3 Be5  1/2-1/2

[Event "Schachbundesliga 2011-12"]
[Site "Hamburg GER"]
[Date "2011.12.11"]
[Round "7"]
[White "Rogozenco,D"]
[Black "Swinkels,R"]
[Result "0-1"]
[WhiteElo "2552"]
[BlackElo "2494"]

1.c4 c6 2.e4 d5 3.exd5 cxd5 4.d4 Nf6 5.Nc3 Nc6 6.Nf3 Bg4 7.cxd5 Nxd5 8.Qb3 Bxf3
9.gxf3 e6 10.Qxb7 Nxd4 11.Bb5+ Nxb5 12.Qc6+ Ke7 13.Qxb5 Qd7 14.Nxd5+ Qxd5
15.Bg5+ f6 16.Qxd5 exd5 17.Be3 Ke6 18.O-O-O Bb4 19.Rd3 Rhc8+ 20.Kb1 Rc7 21.Rb3 Rc4
22.a3 Bd6 23.Re1 Kf7 24.Rd3 Bxh2 25.Rxd5 Kg8 26.Rd7 Rc7 27.Red1 g5 28.f4 Bxf4
29.Bxf4 Rxd7 30.Rxd7 gxf4 31.b4 a6 32.Kc2 Re8 33.Kd3 h5 34.a4 h4 35.Rd4 Kf7
36.Rxf4 Rh8 37.Rc4 h3 38.Rc1 Rh4 39.b5 a5 40.Ra1 Ke6 41.Ke2 h2 42.Rh1 Kd5
43.Kf3 Kc5 44.Kg3 Rxa4 45.Rxh2 Rd4 46.b6 Kxb6 47.Rh8 Rd6 48.Ra8 Kb5 49.Kf4 a4
50.Ke3 Ra6 51.Rb8+ Kc4 52.Rc8+ Kd5 53.Rd8+ Ke6 54.Rd2 a3 55.Ra2 Ke5 56.Kd3 Kf4
57.Ke2 f5 58.Ke1 Kf3 59.Kf1 Ra7 60.Ke1 Ra8 61.Kf1 Ra6 62.Ke1 Kg2 63.Ke2 f4
64.Kd3 Re6 65.Rxa3 Kxf2 66.Ra8 f3 67.Ra7 Re8 68.Ra6 Kg2 69.Rg6+ Kf1 70.Kd2 f2
71.Rg7 Rd8+ 72.Kc2 Rd5  0-1

[Event "80th Anniversary Mollet CM"]
[Site "Mollet del Valles ESP"]
[Date "2011.12.11"]
[Round "9"]
[White "Ventura Bolet,M"]
[Black "Shatko,D"]
[Result "1/2-1/2"]
[WhiteElo "1957"]
[BlackElo "2125"]

1.c4 c6 2.Nf3 d5 3.e3 Nf6 4.Nc3 e6 5.b3 Nbd7 6.Qc2 Bd6 7.Bb2 O-O 8.Rg1 e5
9.cxd5 Nxd5 10.Ne4 Qe7 11.Nxd6 Qxd6 12.g4 Re8 13.a3 e4 14.Nd4 N7f6 15.g5 Ng4
16.h3 Nh2 17.Be2 a6 18.b4 Bxh3 19.Rg3 Bd7 20.O-O-O a5 21.bxa5 c5 22.Nb5 Qg6
23.Rh1 Nf3 24.Rxf3 exf3 25.Bd3 Qxg5 26.Bxh7+ Kf8 27.Qxc5+ Re7 28.Be4 Kg8
29.Bh7+ Kf8 30.Be4 Kg8 31.Bh7+ Kf8  1/2-1/2

[Event "Arab Games Rapid Men"]
[Site "Doha QAT"]
[Date "2011.12.12"]
[Round "7"]
[White "Omar,Abdulrahman"]
[Black "Chahrani,I"]
[Result "1-0"]
[WhiteElo "2045"]
[BlackElo "2243"]

1.c4 c6 2.d4 d5 3.cxd5 cxd5 4.Nf3 Nc6 5.Nc3 Nf6 6.e3 Bf5 7.Bd3 Bxd3 8.Qxd3 e6
9.Bd2 Bd6 10.a3 O-O 11.O-O Rc8 12.Rac1 Re8 13.Rfd1 Qe7 14.Be1 h6 15.h3 Nd7
16.e4 dxe4 17.Nxe4 Bf4 18.Bd2 Bxd2 19.Qxd2 Nb6 20.Ne5 Red8 21.Nxc6 bxc6 22.Rc2 e5
23.Qe3 Nd5 24.Qg3 f5 25.Nc5 f4 26.Qf3 exd4 27.Rxd4 Qe1+ 28.Kh2 Re8 29.Nd3 Qe5
30.Nxe5  1-0

[Event "FSFMB December 2011"]
[Site "Budapest HUN"]
[Date "2011.12.13"]
[Round "11"]
[White "Naghib,P"]
[Black "Takacs,K"]
[Result "0-1"]
[WhiteElo "1653"]
[BlackElo "1788"]

1.c4 c6 2.e4 e6 3.Nc3 Bb4 4.Nge2 Ne7 5.g3 d5 6.cxd5 exd5 7.a3 Ba5 8.b4 Bb6
9.Bb2 Bg4 10.Bg2 d4 11.Na4 d3 12.Bxg7 dxe2 13.Qc2 f6 14.Nxb6 Qd4 15.Qc3 Qxc3
16.dxc3 Rg8 17.Nxa8 Rxg7 18.f3 Bd7 19.Kxe2 Kd8 20.Rhd1 Kc8 21.Rd6 f5 22.Rf6 b6
23.Rf8+ Kb7 24.Rd1 Ng6 25.Rd8 fxe4 26.fxe4 Kxa8 27.Ke3 Kb7 28.e5 Nxe5 29.Rf8 Ng4+
30.Kd3 Nxh2 31.Rd2 Rxg3+ 32.Kc2 Ng4 33.Rf3 Ne3+ 34.Kc1 Rxg2 35.Rxe3 Rxd2
36.Kxd2 h5 37.Re4 Kc7 38.Ke3 Kd6 39.Rd4+ Ke5 40.Rh4 Bg4 41.Rh2 Nd7 42.Rd2 h4
43.Rd4 Nf6 44.Kf2 Ne4+ 45.Kg2 Kf4 46.c4 h3+ 47.Kh2 Kf3 48.Rd8 Ke3 49.a4 Nd2
50.Re8+ Kd3 51.Rd8+ Kc3 52.Kg3 Be6 53.c5 Nf1+ 54.Kf2 h2 55.Rh8 Bd5 56.cxb6 axb6
57.b5 h1=Q 58.Rxh1 Bxh1 59.Kxf1 c5 60.Kg1 Bd5  0-1

[Event "78th ch-BRA"]
[Site "Campinas BRA"]
[Date "2011.12.14"]
[Round "5"]
[White "Jatoba de Oliveira Reis,P"]
[Black "El Debs,F"]
[Result "0-1"]
[WhiteElo "2438"]
[BlackElo "2477"]

1.c4 c6 2.g3 d5 3.Nf3 Bg4 4.Bg2 e6 5.O-O Nf6 6.cxd5 Bxf3 7.Bxf3 cxd5 8.d3 Nc6
9.Nc3 Be7 10.Bg2 O-O 11.a3 a6 12.Bd2 b5 13.Rc1 Qb6 14.Be3 Qb7 15.Nb1 Nd7
16.Nd2 Bf6 17.Rc2 b4 18.Qb1 Rfc8 19.Rfc1 Rab8 20.axb4 Nxb4 21.Rxc8+ Rxc8
22.Nb3 Nc6 23.Qc2 Ne7 24.Qd1 Bxb2 25.Rb1 Bc3 26.Nc5 Qc6 27.Na4 Bf6 28.Rc1 Qb7
29.Rb1 Qc7 30.Bf4 Be5 31.Bg5 Nc6 32.e4 dxe4 33.Bxe4 Qd6 34.Nb6 Rb8 35.Nc4 Rxb1
36.Qxb1 Qb4 37.Qc1 Qc5 38.Be3 Bd4 39.Kg2 Nf6 40.Bxd4 Nxd4 41.Qb2 Nb5 42.Bf3 h6
43.Qa1 Qa7 44.Qa5 Nd4 45.Qd8+ Kh7 46.Ba8 Qc5 47.Bb7 Nb5 48.Qa5 Ng4 49.Qe1 Nd6
50.Bf3 Nxc4 51.Bxg4 Ne5 52.Be2 a5 53.Qb1 Qd5+ 54.f3 Nc6 55.Bd1 Nd4 56.Qb2 g5
57.Qa3 g4 58.Qf8 gxf3+ 59.Kf2 e5 60.g4 Qa2+ 61.Ke1 Qe6 62.h3 Qf6 63.Kf1 Qf4
64.Kf2 Qd2+ 65.Kg3 Qe1+  0-1

[Event "TCh-ISR 2011-12"]
[Site "Israel ISR"]
[Date "2011.12.16"]
[Round "1.3"]
[White "Lederer,Y"]
[Black "Raznikov,D"]
[Result "1/2-1/2"]
[WhiteElo "2328"]
[BlackElo "2442"]

1.c4 c6 2.g3 d5 3.Nf3 Nf6 4.Bg2 Bg4 5.Ne5 Be6 6.cxd5 Bxd5 7.Nf3 c5 8.Nc3 Bc6
9.O-O e6 10.d3 Be7 11.a4 O-O 12.a5 Na6 13.Ne5 Bxg2 14.Kxg2 Nb4 15.Qa4 Qc7
16.Nc4 Rfd8 17.Bd2 Nfd5 18.Rfc1 Qc6 19.Kg1 Qxa4 20.Rxa4 Nc6 21.Kf1 Nd4 22.Be3 Nf5
23.Ne4 b5 24.axb6 axb6 25.Rxa8 Nfxe3+ 26.fxe3 Rxa8 27.Nc3 Nxc3 28.Rxc3 b5
29.Ra3 Rd8 30.Ne5 Bf6 31.Nc6 Rc8 32.Na7 Rb8 33.Nxb5 Bxb2 34.Ra5 Bf6 35.Nd6 Be7
36.Nc4 f6 37.Ra7 Kf8 38.Kf2 h5 39.h3 Rb1 40.e4 Rh1 41.Kg2 Re1 42.Ra2 Kf7
43.g4 h4 44.e5 f5 45.Ra7 fxg4 46.hxg4 Ke8 47.Ra2 Kf7 48.Kf2 Rc1 49.Ra7 Ke8
50.Nd6+ Kd8 51.Ra8+ Kd7 52.Ra7+ Kd8 53.Ra8+ Kd7 54.Nc4 Bd8 55.Ra7+ Bc7 56.Ra8 Bd8
57.Ra7+ Bc7 58.g5 h3 59.Kg3 Rg1+ 60.Kxh3 Rxg5 61.Kh4 Rg2 62.Ra2  1/2-1/2

[Event "18th Zadar Open A"]
[Site "Zadar CRO"]
[Date "2011.12.16"]
[Round "8.5"]
[White "Predojevic,B"]
[Black "Szabo,Krisz1"]
[Result "1/2-1/2"]
[WhiteElo "2642"]
[BlackElo "2548"]

1.c4 c6 2.Nf3 d5 3.e3 Nf6 4.b3 e6 5.Bb2 Nbd7 6.d4 Ne4 7.Bd3 Bd6 8.O-O f5
9.Ne5 Nxe5 10.dxe5 Be7 11.Nc3 Nxc3 12.Bxc3 O-O 13.Qe2 b6 14.Rad1 Bb7 15.f4 Qe8
16.g4 Rc8 17.gxf5 exf5 18.cxd5 cxd5 19.Bd4 Rc7 20.Qg2 Qg6 21.Kh1 Qxg2+ 22.Kxg2 g6
23.Rc1 Rfc8 24.Rxc7 Rxc7 25.Kf2 Kf7 26.Ke2 Ke6 27.a3 Bc8 28.Ra1 Bd7 29.Kd2 Be8
30.b4  1/2-1/2

[Event "TCh-NED Meesterklasse 2011-12"]
[Site "Netherlands NED"]
[Date "2011.12.17"]
[Round "4.8"]
[White "Bus,T"]
[Black "Van de Oudeweetering,A"]
[Result "1-0"]
[WhiteElo "2186"]
[BlackElo "2338"]

1.c4 c6 2.g3 d5 3.Nf3 Bg4 4.Bg2 e6 5.O-O Nd7 6.cxd5 exd5 7.Nc3 Ngf6 8.d3 Be7
9.Qc2 O-O 10.h3 Bxf3 11.Bxf3 d4 12.Ne4 a5 13.Nxf6+ Bxf6 14.Bd2 Re8 15.Rfe1 Re5
16.Rac1 Qb6 17.b3 Rc5 18.Qb1 Rb5 19.Qc2 Rc5 20.Qb1 Rb5 21.Qc2 Bg5 22.Bxg5 Rxg5
23.Qd2 Rb5 24.Qf4 Ne5 25.Be4 a4 26.Qh4 Ng6 27.Bxg6 hxg6 28.Rc4 axb3 29.axb3 Rd8
30.Rb1 Rdd5 31.Ra1 g5 32.Qe4 Rd8 33.Raa4 c5 34.Qe7 g4 35.hxg4 Rxb3 36.Rxc5 Rb1+
37.Kg2 Rf8 38.Rxd4 Qh6 39.Qh4 Qe6 40.Re4 Qg6 41.Rh5 f5 42.Rh8+  1-0

[Event "European Rapid 2011"]
[Site "Warsaw POL"]
[Date "2011.12.17"]
[Round "2"]
[White "Romanov,E"]
[Black "Olejarczyk,B"]
[Result "1-0"]
[WhiteElo "2627"]
[BlackElo "2125"]

1.c4 c6 2.Nf3 d5 3.e3 Nf6 4.Nc3 Bf5 5.cxd5 Nxd5 6.d3 e6 7.Be2 Be7 8.O-O O-O
9.h3 Nd7 10.e4 Nxc3 11.bxc3 Bg6 12.Bf4 Qa5 13.Qc2 e5 14.Be3 c5 15.Nd2 Qc7
16.a4 b6 17.Nc4 f6 18.Bd2 a6 19.Bg4 Rfd8 20.a5 b5 21.Ne3 Nf8 22.c4 b4 23.Nd5 Qd6
24.f4 Bf7 25.fxe5 fxe5 26.Be3 Ne6 27.Rf2 Nd4 28.Bxd4 exd4 29.e5 Qxe5 30.Re2 Bg5  1-0

[Event "European Rapid 2011"]
[Site "Warsaw POL"]
[Date "2011.12.17"]
[Round "3"]
[White "Piorun,K"]
[Black "Dolgova,O"]
[Result "1-0"]
[WhiteElo "2520"]
[BlackElo "2206"]

1.c4 c6 2.Nf3 d5 3.e3 Nf6 4.Nc3 e6 5.Be2 Nbd7 6.Qc2 Bd6 7.b3 O-O 8.Bb2 e5
9.d3 Re8 10.a3 Nf8 11.b4 Ng6 12.cxd5 cxd5 13.Nb5 Bb8 14.Rc1 e4 15.Nfd4 exd3
16.Bxd3 Nf4 17.Bf1 Ne6 18.Nxe6 Bxe6 19.Bd3 Re7 20.Bxf6 gxf6 21.Bxh7+ Kg7
22.Nd4 Be5 23.Nxe6+ Rxe6 24.Bf5 Rc6 25.Qd2 Rxc1+ 26.Qxc1 d4 27.O-O dxe3 28.Qxe3 Qd6
29.g3 Qd4 30.Qf3 Rd8  1-0

[Event "78th ch-BRA"]
[Site "Campinas BRA"]
[Date "2011.12.20"]
[Round "11"]
[White "Jatoba de Oliveira Reis,P"]
[Black "Fier,A"]
[Result "0-1"]
[WhiteElo "2438"]
[BlackElo "2573"]

1.c4 c6 2.g3 d5 3.Nf3 Nf6 4.Bg2 dxc4 5.O-O Nbd7 6.Na3 Nb6 7.Qc2 Be6 8.Ng5 Bg4
9.f3 Bh5 10.Nxc4 Qd4+ 11.Ne3 h6 12.Nh3 Bg6 13.Qc3 e5 14.b3 O-O-O 15.Qxd4 exd4
16.Nc4 Re8 17.Nf4 Bh7 18.Kf2 g5 19.Bh3+ Kc7 20.Nd3 Nxc4 21.bxc4 h5 22.Bb2 c5
23.Nc1 Bh6 24.Bg2 Re6 25.Nb3 b6 26.d3 Rhe8 27.Rfe1 Nd7 28.Rad1 Ne5 29.Bf1 Nc6
30.a3 Ne7 31.Bc1 Nf5 32.Bh3 g4 33.fxg4 Ne3 34.Bxe3 Bxe3+ 35.Kg2 Bg5 36.Kf1 h4
37.Nd2 Rxe2 38.Ne4 Rxh2 39.Nxg5 Rh1+ 40.Kg2 Rhxe1 41.Rxe1 Rxe1 42.Nxh7 Re2+
43.Kh1 hxg3 44.Kg1 Rh2 45.Ng5 f6 46.Ne6+ Kd6 47.Nf4 Ra2 48.Bf1 Rxa3 49.Kg2 Ra1
50.Be2 a5 51.Nd5 Ra2  0-1

[Event "V Stadium Casablanca Open"]
[Site "Zaragoza ESP"]
[Date "2011.12.23"]
[Round "1"]
[White "Paunovic,D"]
[Black "Uldemolins Nivela,M"]
[Result "1-0"]
[WhiteElo "2528"]
[BlackElo "1793"]

1.c4 c6 2.e4 d5 3.exd5 cxd5 4.d4 Nc6 5.Nf3 g6 6.cxd5 Qxd5 7.Nc3 Qd8 8.d5 Nb8
9.Bc4 Bg7 10.O-O Nf6 11.Re1 O-O 12.Qe2 Re8 13.Bf4 Nbd7 14.Nb5 Rf8 15.Nc7 Nh5
16.Nxa8 Nxf4 17.Qe3 Nh5 18.Qxa7 Nhf6 19.Rac1 Ne8 20.b3 Nd6 21.Bf1 Nf6 22.Nb6 Bf5
23.Nc4 Qa8 24.Qxa8 Rxa8 25.Rxe7 Nxd5 26.Ree1 Nxc4 27.Bxc4 Nb6 28.Re7 Nxc4
29.bxc4 Rxa2 30.Rxb7 Bh6 31.Rd1 Rc2 32.Ne5 Be6 33.h3 Bxc4 34.Nxf7 Bxf7 35.Rd8+ Bf8
36.Rbb8 Rc1+ 37.Kh2 Rc2 38.Rxf8+ Kg7 39.f3 Ra2 40.Rfc8  1-0

[Event "48th Groningen Open A"]
[Site "Groningen NED"]
[Date "2011.12.24"]
[Round "4.10"]
[White "Afek,Y"]
[Black "Michiels,B"]
[Result "0-1"]
[WhiteElo "2301"]
[BlackElo "2492"]

1.c4 c6 2.e4 d5 3.exd5 cxd5 4.cxd5 Nf6 5.Nc3 Nxd5 6.Nf3 Nc6 7.Bb5 a6 8.Bxc6+ bxc6
9.O-O e6 10.Ne5 Bd6 11.d4 Nxc3 12.bxc3 O-O 13.Bf4 Qc7 14.Bg3 c5 15.Rb1 cxd4
16.Qxd4 f6 17.Qe4 Rb8 18.Rxb8 Qxb8 19.Nc6 Qc7 20.Bxd6 Qxd6 21.Nd4 e5 22.Nb3 Be6
23.Qa4 Rc8 24.h3 Qc6 25.Qxc6 Rxc6 26.Rc1 Kf7 27.Kf1 Bd5 28.g3 g5 29.Ke2 Bg2
30.h4 gxh4 31.gxh4 Rc4 32.f3 Rxh4 33.Kf2 Bh3 34.Rh1 Rh5 35.Nc5 a5 36.Nb7 a4
37.a3 Bg4 38.Rxh5 Bxh5 39.Nc5 Ke7 40.Nxa4 Kd6 41.Nb2 Kc5 42.Ke3 Bg6 43.Nd1 h5
44.Nf2 Kc4 45.a4 Bc2 46.a5 Kb5 47.f4 Kxa5 48.fxe5 fxe5 49.Nh3 Kb5 50.Ng5 Kc5
51.Nf3 Kd5 52.Nh4 Ke6 53.Ng2 Kf5 54.c4 Ba4 55.c5 Bc6 56.Nh4+ Kg5 57.Nf3+ Bxf3
58.Kxf3 Kf5 59.Kg3 Ke6  0-1

[Event "Groningen Match"]
[Site "Groningen NED"]
[Date "2011.12.27"]
[Round "2"]
[White "Ree,H"]
[Black "Van Foreest,Jorden"]
[Result "1/2-1/2"]
[WhiteElo "2379"]
[BlackElo "2125"]

1.c4 c6 2.Nf3 d5 3.b3 Nf6 4.Bb2 Bf5 5.g3 Nbd7 6.Bg2 e6 7.O-O Bd6 8.d3 O-O
9.Nbd2 Qc7 10.Rc1 Bg6 11.cxd5 exd5 12.Nh4 Be5 13.d4 Bd6 14.Nxg6 hxg6 15.e3 a5
16.a3 Qd8 17.Re1 Re8 18.Qc2 Qe7 19.a4 Ba3 20.f3 Bxb2 21.Qxb2 c5 22.Bf1 Rac8
23.Kf2 g5 24.g4 Qd6 25.Kg2 cxd4 26.Qxd4 Ne5 27.Bb5 Nc6 28.Bxc6 Rxc6 29.Rc3 Rxc3
30.Qxc3 d4 31.Qd3 Nd5 32.Ne4 Qb4 33.Rc1 Nxe3+ 34.Kf2 Qa3 35.Re1 Qb2+ 36.Re2 Qc1
37.Re1 Qc7 38.Qxd4 Nc2 39.Nf6+ gxf6 40.Rxe8+ Kg7 41.Qd8 Qxh2+ 42.Kf1 Qh1+
43.Kf2 Qh2+  1/2-1/2

[Event "Czech Chess Christmas 2011"]
[Site "Litomysl CZE"]
[Date "2011.12.27"]
[Round "2.14"]
[White "Pekar,V"]
[Black "Sabolova,K"]
[Result "1-0"]
[WhiteElo "2170"]
[BlackElo "1775"]

1.c4 c6 2.e4 e5 3.Nc3 Nf6 4.Nf3 Qc7 5.d4 d6 6.Be2 Be7 7.O-O O-O 8.a3 a5 9.b3 Nbd7
10.Qc2 Rd8 11.Bb2 Nf8 12.Nd1 exd4 13.Nxd4 Ne6 14.Nf5 Nc5 15.Nxe7+ Qxe7 16.f3 Be6
17.Ne3 Rac8 18.Rad1 b5 19.Ba1 Rb8 20.b4 axb4 21.axb4 Ncd7 22.cxb5 cxb5 23.f4 Rdc8
24.Qb2 Qf8 25.Qd4 Bc4 26.Nxc4 bxc4 27.Bxc4 d5 28.Bxd5 Rxb4 29.Qa7 h6 30.Rc1 Rxc1
31.Rxc1 Qd6 32.Be5 Nxe5 33.fxe5 Qxe5 34.Qxf7+ Kh7 35.Rf1 Rb2 36.Be6 Qg5 37.Bh3 Qe3+
38.Kh1 Qxe4 39.Rxf6 Rb1+ 40.Rf1  1-0

[Event "Czech Chess Christmas 2011"]
[Site "Litomysl CZE"]
[Date "2011.12.27"]
[Round "2.13"]
[White "Zakharchenko,A"]
[Black "Saroun,R"]
[Result "1-0"]
[WhiteElo "2233"]
[BlackElo "1779"]

1.c4 c6 2.e4 d5 3.exd5 cxd5 4.d4 dxc4 5.Bxc4 e6 6.Nf3 Nf6 7.O-O Be7 8.Qe2 O-O
9.Nc3 Nbd7 10.Rd1 Nb6 11.Bb3 Nbd5 12.Ne5 a6 13.Bg5 Qd6 14.Rac1 b6 15.Nc6 Bb7
16.Nxd5 Nxd5 17.Bxe7 Nxe7 18.Qe5 Nf5 19.Qxd6 Nxd6 20.d5 exd5 21.Rxd5 Nc8
22.Rd7 Bxc6 23.Rxc6 b5 24.Rcc7 Nb6 25.Rxf7 Rxf7 26.Rxf7 Kh8 27.Rb7 Nc8 28.g3 Nd6
29.Rd7 Ne4  1-0

[Event "Cracovia Open A"]
[Site "Krakow POL"]
[Date "2011.12.28"]
[Round "2.34"]
[White "Thompson,I"]
[Black "Kumor,L"]
[Result "1-0"]
[WhiteElo "2281"]
[BlackElo "2141"]

1.c4 c6 2.Nf3 d5 3.e3 Nf6 4.Nc3 g6 5.b3 Bg7 6.Bb2 O-O 7.Be2 Nbd7 8.d4 b6
9.O-O Bb7 10.b4 a5 11.b5 c5 12.Ne5 cxd4 13.exd4 dxc4 14.Nc6 Qc7 15.Nxe7+ Kh8
16.Bf3 Bxf3 17.Qxf3 Qd6 18.Nc6 Nh5 19.g3 a4 20.Rad1 Nhf6 21.Rfe1 Rfe8 22.a3 Re6
23.Ne5 Rf8 24.Nxa4 Kg8 25.Nxc4 Rxe1+ 26.Rxe1 Qd5 27.Qxd5 Nxd5 28.Ne3 Ra8
29.Nxd5 Rxa4  1-0

[Event "XLI Rilton Cup 2011-12"]
[Site "Stockholm SWE"]
[Date "2011.12.28"]
[Round "2"]
[White "Evertsson,L"]
[Black "Henriksson,Jo"]
[Result "1-0"]
[WhiteElo "2130"]
[BlackElo "2295"]

1.c4 c6 2.Nf3 Nf6 3.b3 d5 4.Bb2 Bf5 5.g3 e6 6.Bg2 Be7 7.O-O O-O 8.d3 h6 9.Nbd2 Bh7
10.Qc2 Nfd7 11.Rac1 Bf6 12.Rfd1 Na6 13.a3 Rc8 14.b4 Nc7 15.Qb3 a6 16.Rc2 Bxb2
17.Rxb2 Qf6 18.Nf1 Ne5 19.Nxe5 Qxe5 20.Ne3 Rcd8 21.Ra2 g5 22.a4 f5 23.b5 f4
24.d4 Qg7 25.Ng4 dxc4 26.Qxc4 Bf5 27.Ne5 Qxe5 28.bxc6 bxc6 29.g4 Bxg4 30.h3 Bf5
31.dxe5 Rxd1+ 32.Kh2 Nd5 33.Rb2 h5 34.Rb7 g4 35.Qxc6 Ne3 36.Qc7  1-0

[Event "Groningen Match"]
[Site "Groningen NED"]
[Date "2011.12.29"]
[Round "4"]
[White "Ree,H"]
[Black "Van Foreest,Jorden"]
[Result "1-0"]
[WhiteElo "2379"]
[BlackElo "2125"]

1.c4 c6 2.Nf3 d5 3.e3 Nf6 4.Nc3 Bg4 5.cxd5 Bxf3 6.Qxf3 cxd5 7.d4 e6 8.g4 h6
9.Bd2 Nc6 10.O-O-O Bb4 11.Bd3 Qe7 12.Kb1 O-O-O 13.Rc1 Kb8 14.h3 e5 15.Bb5 Ne4
16.Rhd1 exd4 17.exd4 Bxc3 18.Bxc3 Rd6 19.Be1 Rc8 20.Qb3 Nf6 21.f3 Re6 22.Bg3+ Ka8
23.Rc3 a6 24.Bf1 Ka7 25.Rdc1 Na5 26.Qa4 Rxc3 27.Rxc3 Nc4 28.Bxc4 dxc4 29.Qxc4 Rc6
30.Qb3 Qd7 31.Be5 Rxc3 32.Qxc3 Ne8 33.Qc4 f6 34.Bf4 h5 35.d5 hxg4 36.hxg4 g5
37.Be3+ Kb8 38.Qc5 Qh7+ 39.Kc1 Qh1+ 40.Kd2 Qg2+ 41.Kc3 Qxf3 42.Qe7 Nc7 43.Qd8+  1-0

[Event "Cracovia Open A"]
[Site "Krakow POL"]
[Date "2011.12.31"]
[Round "5.33"]
[White "Radovic,St"]
[Black "Slabek,G"]
[Result "0-1"]
[WhiteElo "2136"]
[BlackElo "2051"]

1.c4 c6 2.Nf3 Nf6 3.g3 g6 4.b3 Bg7 5.Bb2 O-O 6.Bg2 d6 7.d4 Ne4 8.O-O Qa5
9.Nfd2 Nxd2 10.Nxd2 Qh5 11.e3 Qxd1 12.Rfxd1 a5 13.a3 Na6 14.Rac1 Bg4 15.f3 Bd7
16.Bc3 Nc7 17.e4 Ne6 18.Nf1 c5 19.dxc5 Nxc5 20.Bxg7 Kxg7 21.Rc3 b5 22.cxb5 Bxb5
23.e5 Rad8 24.Ne3 a4 25.b4 Ne6 26.exd6 Rxd6 27.Rxd6 exd6 28.f4 Nd4 29.Kf2 Rd8
30.Rc7 Bd7 31.Ra7 Be8 32.Nd5 Rc8 33.Nc7 Bd7 34.Be4 Kf8 35.Ke3 Nb5 36.Nxb5 Bxb5  0-1

[Event "Cracovia Comarch Cup"]
[Site "Krakow POL"]
[Date "2011.12.31"]
[Round "5.4"]
[White "Piorun,K"]
[Black "Velicka,P"]
[Result "1/2-1/2"]
[WhiteElo "2520"]
[BlackElo "2472"]

1.c4 c6 2.d4 d5 3.Nc3 Nf6 4.Nf3 a6 5.c5 Nbd7 6.Bf4 Nh5 7.Qd2 Nxf4 8.Qxf4 e6
9.e4 dxe4 10.Nxe4 Nf6 11.Ne5 Be7 12.Bd3 O-O 13.Nxf6+ Bxf6 14.h4 Bxe5 15.Qe4 f5
16.Qxe5 Qd5 17.Kd2 Rd8 18.Qxd5 Rxd5 19.Kc3 b5 20.Bc2 a5 21.a3 Kf7 22.b4 Kf6
23.Bb3 Rd8 24.bxa5 Rxa5 25.a4 bxa4 26.Rxa4 Rxa4 27.Bxa4 Bd7 28.Rb1 Ra8 29.Rb4 Ke7
30.Kd3 g6 31.Ke3 h6 32.f3 g5 33.hxg5 hxg5 34.f4 gxf4+ 35.Kf3 Rg8 36.Rb6 Rg3+
37.Kxf4 Rg4+ 38.Ke3 e5 39.Bxc6 Bxc6 40.Rxc6 Re4+ 41.Kf3 Rxd4 42.Rh6 Rd3+
43.Kf2 Rd2+  1/2-1/2